[Event "FRA-chT2 East 0809"]
[Site "France"]
[Date "2009.03.14"]
[Round "8.3"]
[White "Schwicker, Francois"]
[Black "Goossens, Etienne"]
[Result "0-1"]
[WhiteElo "2195"]
[BlackElo "2247"]
[PlyCount "81"]
[EventDate "2008.10.19"]
[EventType "tourn"]
[EventRounds "11"]
[EventCountry "FRA"]
[SourceTitle "EXT 2010"]
[Source "ChessBase"]
[SourceDate "2010.11.25"]
[SourceVersion "1"]
[SourceVersionDate "2010.11.25"]
[SourceQuality "1"]
[WhiteTeam "Strasbourg II"]
[BlackTeam "Metz Fischer II"]
[WhiteTeamCountry "FRA"]
[BlackTeamCountry "FRA"]

1. e4 e5 2. Nf3 Nc6 3. Bb5 Nf6 4. d3 d6 5. Nbd2 g6 6. Nf1 a6 7. Ba4 b5 8. Bb3 Na5 9. Ng3 Nxb3 10. axb3 Bg7 11. 0-0 c5 12. h3 Bb7 13. Nh2 0-0 14. f4 exf4 15. Bxf4 d5 16. e5 Nd7 17. Nf3 d4 18. e6 fxe6 19. Qd2 e5 20. Bg5 Qb6 21. Ne4 c4 22. Kh1 Bxe4 23. dxe4 cxb3 24. c3 Nc5 25. Rfe1 Ne6 26. Be7 Rf7 27. Bh4 a5 28. Bg3 Rxf3 29. gxf3 a4 30. cxd4 Nxd4 31. f4 Qe6 32. Qg2 Nc2 33. f5 Qe7 34. Rad1 Nxe1 35. Bxe1 Rd8 36. Rxd8+ Qxd8 37. fxg6 Qd1 38. gxh7+ Kh8 39. Qf2 a3 40. Kg2 Qc2 41. Bd2 0-1

[Event "FRA-chT2 East 0809"]
[Site "France"]
[Date "2009.01.17"]
[Round "5.4"]
[White "Coulon, Maxcellend"]
[Black "Schwicker, Francois"]
[Result "1-0"]
[WhiteElo "2038"]
[BlackElo "2195"]
[PlyCount "61"]
[EventDate "2008.10.19"]
[EventType "tourn"]
[EventRounds "11"]
[EventCountry "FRA"]
[SourceTitle "EXT 2010"]
[Source "ChessBase"]
[SourceDate "2010.11.25"]
[SourceVersion "1"]
[SourceVersionDate "2010.11.25"]
[SourceQuality "1"]
[WhiteTeam "Besancon TPG II"]
[BlackTeam "Strasbourg II"]
[WhiteTeamCountry "FRA"]
[BlackTeamCountry "FRA"]

1. e4 e5 2. Nf3 Nc6 3. d4 exd4 4. Bc4 Nf6 5. e5 d5 6. Bb5 Ne4 7. Nxd4 Bc5 8. 0-0 Bxd4 9. Qxd4 0-0 10. Qe3 Re8 11. f3 Nd6 12. Bxc6 bxc6 13. f4 Ba6 14. Re1 Nf5 15. Qf2 h5 16. b3 Qd7 17. Nc3 Qe7 18. Na4 d4 19. Bb2 Rad8 20. Rad1 Ne3 21. Rxd4 Ng4 22. Qg3 Bb5 23. h3 Nh6 24. c3 Nf5 25. Qf2 Nxd4 26. cxd4 Bxa4 27. bxa4 Rb8 28. f5 Rb7 29. f6 Qe6 30. Qg3 g6 31. Qg5 1-0

[Event "FRA-chT2 East 0708"]
[Site "France"]
[Date "2008.04.05"]
[Round "10.3"]
[White "Goossens, Etienne"]
[Black "Schwicker, Francois"]
[Result "1-0"]
[WhiteElo "2278"]
[BlackElo "2216"]
[PlyCount "54"]
[EventDate "2007.10.21"]
[EventType "team-tourn"]
[EventRounds "11"]
[EventCountry "FRA"]
[SourceTitle "EXT 2009"]
[Source "ChessBase"]
[SourceDate "2008.11.26"]
[SourceVersion "1"]
[SourceVersionDate "2008.11.26"]
[SourceQuality "1"]
[WhiteTeam "Metz Fischer II"]
[BlackTeam "Strasbourg II"]
[WhiteTeamCountry "FRA"]
[BlackTeamCountry "FRA"]

1. e4 e5 2. Nf3 Nc6 3. d4 exd4 4. Nxd4 Nf6 5. Nxc6 bxc6 6. e5 Qe7 7. Qe2 Nd5 8. c4 Nb6 9. Nc3 Qe6 10. Qe4 Be7 11. Bd3 d5 12. exd6 cxd6 13. 0-0 Bd7 14. Bf4 f5 15. Qd4 Kf7 16. Rfe1 Qf6 17. Rxe7+ Qxe7 18. Bxd6 c5 19. Bxc5 Qe6 20. Bd6 Bc6 21. c5 Rad8 22. Bc2 Qf6 23. Bb3+ Kg6 24. Qf4 Rhe8 25. Qg3+ Kh6 26. Bf7 g5 27. Bxe8 Bf3 1-0

[Event "FRA-chT2 East 0708"]
[Site "France"]
[Date "2008.01.20"]
[Round "6.1"]
[White "Dittmar, Peter"]
[Black "Schwicker, Francois"]
[Result "1/2-1/2"]
[WhiteElo "2329"]
[BlackElo "2213"]
[PlyCount "71"]
[EventDate "2007.10.21"]
[EventType "team-tourn"]
[EventRounds "11"]
[EventCountry "FRA"]
[SourceTitle "EXT 2009"]
[Source "ChessBase"]
[SourceDate "2008.11.26"]
[SourceVersion "1"]
[SourceVersionDate "2008.11.26"]
[SourceQuality "1"]
[WhiteTeam "Obernai"]
[BlackTeam "Strasbourg II"]
[WhiteTeamCountry "FRA"]
[BlackTeamCountry "FRA"]

1. Nf3 Nf6 2. c4 d6 3. g3 e5 4. Nc3 Be7 5. Bg2 c6 6. 0-0 Nbd7 7. d4 Qc7 8. e4 Nf8 9. h3 Ng6 10. Re1 Be6 11. d5 Bd7 12. dxc6 bxc6 13. Bg5 h6 14. Bxf6 Bxf6 15. Qd3 Be6 16. Rac1 Qd7 17. Kh2 0-0 18. Red1 Rad8 19. Nd5 Be7 20. Ne3 Rfe8 21. h4 h5 22. Nf5 d5 23. cxd5 cxd5 24. Nxe7+ Qxe7 25. Ng5 Bg4 26. f3 dxe4 27. Qxe4 Bc8 28. Bf1 Bb7 29. Qf5 Bc8 30. Qc2 Be6 31. Nxe6 Qxe6 32. Bc4 Qf6 33. Qe4 Ne7 34. Bb5 Rxd1 35. Rxd1 Rb8 36. Be2 1/2-1/2

[Event "FRA-chT2 East 0708"]
[Site "France"]
[Date "2008.01.19"]
[Round "5.3"]
[White "Schwicker, Francois"]
[Black "Castallan, Gerald"]
[Result "1-0"]
[WhiteElo "2213"]
[BlackElo "2106"]
[PlyCount "93"]
[EventDate "2007.10.21"]
[EventType "team-tourn"]
[EventRounds "11"]
[EventCountry "FRA"]
[SourceTitle "EXT 2009"]
[Source "ChessBase"]
[SourceDate "2008.11.26"]
[SourceVersion "1"]
[SourceVersionDate "2008.11.26"]
[SourceQuality "1"]
[WhiteTeam "Strasbourg II"]
[BlackTeam "Besancon TPG II"]
[WhiteTeamCountry "FRA"]
[BlackTeamCountry "FRA"]

1. e4 e5 2. Nf3 Nc6 3. Bb5 a6 4. Ba4 Nf6 5. d3 b5 6. Bb3 d5 7. Qe2 Bg4 8. c3 Be7 9. Nbd2 0-0 10. h3 Bh5 11. Nf1 dxe4 12. dxe4 Na5 13. Bc2 Nc4 14. Ng3 Bg6 15. 0-0 Nh5 16. Nxh5 Bxh5 17. Rd1 Qc8 18. a4 Nd6 19. b3 f5 20. exf5 e4 21. Bxe4 Nxe4 22. Qxe4 Qxf5 23. Qxf5 Rxf5 24. Nd4 Bxd1 25. Nxf5 Bf6 26. axb5 Bxc3 27. Rxa6 Re8 28. Be3 Re5 29. Rc6 Rxf5 30. Rxc3 Rxb5 31. Rxc7 Bxb3 32. Bd4 Rg5 33. f4 Rg6 34. g4 Be6 35. Kf2 Bxg4 36. hxg4 Rxg4 37. Kf3 h5 38. Rc5 g6 39. Rg5 Rxg5 40. fxg5 Kf7 41. Bf2 Ke6 42. Ke4 Kd6 43. Bh4 Ke6 44. Bg3 Kf7 45. Ke5 Ke7 46. Bh4 Kf7 47. Kd6 1-0

[Event "FRA-chT2 East 0708"]
[Site "France"]
[Date "2007.10.21"]
[Round "1.3"]
[White "Adrian, Claude"]
[Black "Schwicker, Francois"]
[Result "1-0"]
[WhiteElo "2279"]
[BlackElo "2235"]
[PlyCount "77"]
[EventDate "2007.10.21"]
[EventType "team-tourn"]
[EventRounds "11"]
[EventCountry "FRA"]
[SourceTitle "EXT 2009"]
[Source "ChessBase"]
[SourceDate "2008.11.26"]
[SourceVersion "1"]
[SourceVersionDate "2008.11.26"]
[SourceQuality "1"]
[WhiteTeam "Epinal"]
[BlackTeam "Strasbourg II"]
[WhiteTeamCountry "FRA"]
[BlackTeamCountry "FRA"]

1. c4 e6 2. g3 d5 3. d4 c5 4. cxd5 exd5 5. Nf3 Nc6 6. Bg2 c4 7. 0-0 Bb4 8. b3 cxb3 9. Qxb3 Nge7 10. Ba3 Bxa3 11. Qxa3 0-0 12. Nc3 Bf5 13. Rac1 Qd7 14. Rfd1 Rfd8 15. Ne5 Nxe5 16. dxe5 Qe6 17. f4 f6 18. Nb5 fxe5 19. Nc7 Qb6+ 20. Kh1 Ng6 21. Nxa8 Rxa8 22. Qc5 exf4 23. Bxd5+ Kh8 24. Qxb6 axb6 25. Bxb7 Rb8 26. Bf3 h6 27. Rd6 fxg3 28. hxg3 Ne5 29. Rcd1 Nxf3 30. Rd8+ Rxd8 31. Rxd8+ Kh7 32. exf3 Be6 33. a3 b5 34. Rd6 Bc4 35. f4 h5 36. Kg2 g6 37. Kh3 Bb3 38. Kh4 Kh6 39. f5 1-0

[Event "Verbandsliga Sued Baden 0607"]
[Site "Germany"]
[Date "2007.03.11"]
[Round "7.5"]
[White "Schwicker, Francois"]
[Black "Schmider, Bernd"]
[Result "1/2-1/2"]
[WhiteElo "2159"]
[BlackElo "2158"]
[PlyCount "122"]
[EventDate "2006.10.22"]
[EventType "team-tourn"]
[EventRounds "9"]
[EventCountry "GER"]
[SourceTitle "EXT 2008"]
[Source "ChessBase"]
[SourceDate "2007.11.25"]
[SourceVersion "1"]
[SourceVersionDate "2007.11.25"]
[SourceQuality "1"]
[WhiteTeam "Kehl"]
[BlackTeam "Lahr"]
[WhiteTeamCountry "GER"]
[BlackTeamCountry "GER"]

1. d4 Nf6 2. Nf3 d6 3. e3 Nbd7 4. c4 e5 5. Nc3 Be7 6. Qc2 c6 7. Be2 0-0 8. 0-0 Re8 9. b3 Bf8 10. dxe5 dxe5 11. Bb2 a5 12. Rfd1 e4 13. Nd2 Qe7 14. Nf1 Nc5 15. Ng3 Bg4 16. Ncxe4 Ncxe4 17. Bxg4 Nxg4 18. Nxe4 Qxe4 19. Qxe4 Rxe4 20. f3 Rxe3 21. fxg4 Re2 22. Bc3 Bc5+ 23. Kh1 h6 24. Rd2 Rxd2 25. Bxd2 Bb4 26. Bf4 a4 27. Rb1 a3 28. Kg1 Bc5+ 29. Kf1 Rd8 30. b4 Be7 31. b5 Rd4 32. Be5 Rxc4 33. bxc6 bxc6 34. Rb8+ Kh7 35. Rb7 Bf6 36. Bxf6 gxf6 37. Rxf7+ Kg6 38. Rc7 Rc2 39. h4 f5 40. gxf5+ Kxf5 41. Ra7 Rxa2 42. Ra4 Ke5 43. g4 c5 44. g5 Rh2 45. Rxa3 Rxh4 46. gxh6 Rxh6 47. Ke2 Kd4 48. Kd2 c4 49. Kc1 Rh1+ 50. Kc2 Rh2+ 51. Kc1 Kc5 52. Rg3 Kb4 53. Rf3 Ra2 54. Rg3 Ra3 55. Rxa3 Kxa3 56. Kc2 Kb4 57. Kb2 c3+ 58. Kc2 Kc4 59. Kc1 Kb3 60. Kb1 c2+ 61. Kc1 Kc3 1/2-1/2

[Event "FRA-chT2 0405"]
[Site "France"]
[Date "2004.10.10"]
[Round "1.2"]
[White "Schwicker, Francois"]
[Black "Drabke, Lorenz Maximilian"]
[Result "1-0"]
[WhiteElo "2258"]
[BlackElo "2433"]
[PlyCount "59"]
[EventDate "2004.10.10"]
[EventType "team-tourn"]
[EventRounds "11"]
[EventCountry "FRA"]
[SourceTitle "EXT 2006"]
[Source "ChessBase"]
[SourceDate "2005.11.24"]
[SourceVersion "1"]
[SourceVersionDate "2005.11.24"]
[SourceQuality "1"]

1. d4 d5 2. Nf3 Nf6 3. e3 c6 4. Bd3 Bg4 5. c4 e6 6. Qb3 Qc7 7. Ne5 Bh5 8. Nc3 Bd6 9. f4 0-0 10. Bd2 Nbd7 11. Rc1 dxc4 12. Nxc4 Be7 13. Ne5 c5 14. Ne4 Nxe4 15. Bxe4 Nxe5 16. fxe5 Rab8 17. 0-0 Qd7 18. d5 exd5 19. Bxd5 Rbd8 20. e4 b5 21. e6 Qe8 22. Ba5 Rb8 23. exf7+ Bxf7 24. Rxf7 Rxf7 25. Rf1 c4 26. Qg3 Bc5+ 27. Kh1 Rbb7 28. Bc7 Qxe4 29. Rxf7 Qb1+ 30. Rf1+ 1-0

[Event "Balatonlelle op"]
[Site "Balatonlelle"]
[Date "2004.07.21"]
[Round "3"]
[White "Schwicker, Francois"]
[Black "Papp, Gellert"]
[Result "1-0"]
[WhiteElo "2251"]
[BlackElo "2381"]
[PlyCount "73"]
[EventDate "2004.07.19"]
[EventType "swiss"]
[EventRounds "9"]
[EventCountry "HUN"]
[SourceTitle "CBM 101 Extra"]
[Source "ChessBase"]
[SourceDate "2004.09.01"]
[SourceVersion "2"]
[SourceVersionDate "2004.09.01"]
[SourceQuality "1"]

1. d4 d5 2. Nf3 Nf6 3. e3 Bf5 4. c4 c6 5. Nc3 e6 6. Be2 Nbd7 7. a3 h6 8. b4 Bd6 9. Bb2 Rc8 10. 0-0 0-0 11. cxd5 cxd5 12. Rc1 Nb6 13. Qb3 Qe8 14. Nb5 Bb8 15. a4 Ne4 16. Rxc8 Nxc8 17. Nc3 Ncd6 18. b5 Qe7 19. Rc1 Rc8 20. Ba3 Qd8 21. Nxe4 Rxc1+ 22. Bxc1 dxe4 23. Ne5 Qc7 24. Ba3 f6 25. g4 fxe5 26. gxf5 exd4 27. Qxe6+ Nf7 28. Bc4 Qxh2+ 29. Kf1 Qh1+ 30. Ke2 Qh5+ 31. Kd2 dxe3+ 32. fxe3 Qh2+ 33. Kd1 Qg1+ 34. Kc2 Qf2+ 35. Kb1 Qe1+ 36. Ka2 Qd2+ 37. Bb2 1-0

[Event "Oberliga Baden 0304 "]
[Site "Germany"]
[Date "2004.04.25"]
[Round "9.6"]
[White "Schwicker, Francois"]
[Black "Rapparlie, Werner"]
[Result "1-0"]
[WhiteElo "2234"]
[BlackElo "2224"]
[PlyCount "95"]
[EventDate "2003.10.12"]
[EventType "team-tourn"]
[EventRounds "9"]
[EventCountry "GER"]
[SourceTitle "EXT 2006"]
[Source "ChessBase"]
[SourceDate "2005.11.24"]
[SourceVersion "1"]
[SourceVersionDate "2005.11.24"]
[SourceQuality "1"]
[WhiteTeam "Kehl"]
[BlackTeam "Konstanz"]
[WhiteTeamCountry "GER"]
[BlackTeamCountry "GER"]

1. Nf3 Nf6 2. d4 e6 3. Bg5 Be7 4. Nbd2 d5 5. e3 Nbd7 6. Bd3 c5 7. c3 0-0 8. 0-0 b6 9. Ne5 Bb7 10. f4 Ne4 11. Bxe7 Qxe7 12. Rf3 f6 13. Nxd7 Qxd7 14. Rh3 e5 15. dxe5 fxe5 16. Nxe4 exf4 17. Nxc5 bxc5 18. Bxh7+ Kf7 19. exf4 Ke7 20. Qe2+ Kd6 21. Qe5+ Kc6 22. Bc2 Kb6 23. b4 Rac8 24. Rb1 a6 25. bxc5+ Ka7 26. Rg3 Rf7 27. Qd4 Ka8 28. Rg6 Qc7 29. c6 Bxc6 30. Ba4 Bb7 31. Bb3 Rxf4 32. Rxa6+ Bxa6 33. Bxd5+ Bb7 34. Rxb7 Rxd4 35. Rxc7+ Rxd5 36. Rxc8+ Kb7 37. Re8 Kc6 38. Kf2 Ra5 39. Re2 Kd5 40. Kf3 Ra3 41. Rc2 Kc4 42. Ke4 Ra6 43. Ke5 Kd3 44. Rf2 Ke3 45. Rf3+ Ke2 46. c4 Ra5+ 47. Kd6 Rg5 48. Rg3 1-0

[Event "Oberliga Baden 0304 "]
[Site "Germany"]
[Date "2003.12.14"]
[Round "4.6"]
[White "Kresovic, Velimir"]
[Black "Schwicker, Francois"]
[Result "1-0"]
[WhiteElo "2225"]
[BlackElo "2234"]
[PlyCount "147"]
[EventDate "2003.10.12"]
[EventType "team-tourn"]
[EventRounds "9"]
[EventCountry "GER"]
[SourceTitle "EXT 2006"]
[Source "ChessBase"]
[SourceDate "2005.11.24"]
[SourceVersion "1"]
[SourceVersionDate "2005.11.24"]
[SourceQuality "1"]
[WhiteTeam "Kuppenheim"]
[BlackTeam "Kehl"]
[WhiteTeamCountry "GER"]
[BlackTeamCountry "GER"]

1. e4 e5 2. Nf3 Nc6 3. Bb5 a6 4. Ba4 Nf6 5. d4 exd4 6. e5 Ne4 7. 0-0 Be7 8. Nxd4 Nxd4 9. Qxd4 Nc5 10. Nc3 0-0 11. Nd5 Nxa4 12. Qxa4 d6 13. Rd1 Be6 14. Nxe7+ Qxe7 15. exd6 cxd6 16. Qa3 Rfe8 17. Bf4 d5 18. Qg3 Bf5 19. c3 Qe2 20. b3 Re6 21. Qg5 Bc2 22. Rdc1 Rg6 23. Qe5 Be4 24. Bg3 Re6 25. Qc7 b5 26. Re1 Qb2 27. Qc5 Qd2 28. Red1 Qb2 29. Qd4 Rae8 30. h3 h5 31. c4 Qxd4 32. Rxd4 dxc4 33. bxc4 bxc4 34. Rxc4 Bd5 35. Ra4 Re1+ 36. Rxe1 Rxe1+ 37. Kh2 Re2 38. a3 Bb7 39. Rb4 Bc6 40. Rc4 Bb5 41. Rc5 Ra2 42. Rxh5 Rxa3 43. Bc7 Bc6 44. Rc5 Bb5 45. Bb6 Rb3 46. Ba5 f6 47. h4 Be2 48. Bc3 Rb5 49. Rc8+ Kh7 50. f3 Rb1 51. Re8 Bf1 52. Re7 Kg8 53. h5 Rc1 54. Bd2 Rc2 55. Rd7 Bb5 56. Rd8+ Kf7 57. Kg3 Rc5 58. Kh4 Bc6 59. Rc8 Rc4+ 60. Kg3 Bd5 61. Rd8 Bc6 62. Kf2 Rc5 63. Rc8 Rc2 64. Ke3 Ba4 65. Ra8 Bb5 66. Ra7+ Kg8 67. g4 Rc8 68. f4 Re8+ 69. Kf3 Be2+ 70. Kg3 Rd8 71. Be3 Rd3 72. Re7 a5 73. Kh4 Rc3 74. Bd2 1-0

[Event "Baden VLS 0203"]
[Site "Baden"]
[Date "2003.01.12"]
[Round "5.3"]
[White "Schwicker, Francois"]
[Black "Eisenbeis, Norman"]
[Result "0-1"]
[WhiteElo "2198"]
[BlackElo "2151"]
[PlyCount "102"]
[EventDate "2002.10.13"]
[EventType "team-tourn"]
[EventRounds "9"]
[EventCountry "GER"]
[SourceTitle "EXT 2022"]
[Source "ChessBase"]
[SourceDate "2021.10.06"]
[SourceVersion "1"]
[SourceVersionDate "2021.10.06"]
[SourceQuality "1"]
[WhiteTeam "Kehl"]
[BlackTeam "Waldkirch"]
[WhiteTeamCountry "GER"]
[BlackTeamCountry "GER"]

1. e4 c5 2. Nf3 Nc6 3. d4 cxd4 4. Nxd4 Nf6 5. Nc3 d6 6. Bc4 e6 7. Bb3 Be7 8. Be3 a6 9. f3 Qc7 10. Qd2 b5 11. Nxc6 Qxc6 12. g4 Nd7 13. 0-0-0 Nc5 14. Bd4 Nxb3+ 15. axb3 0-0 16. Qe2 Bd7 17. g5 b4 18. Na4 Qb5 19. Qf2 Qxg5+ 20. f4 Qh4 21. Qf3 e5 22. Bf2 Qxf4+ 23. Qxf4 exf4 24. Nb6 Bg4 25. Rd4 Rab8 26. Nd5 Bd8 27. Rg1 Bf3 28. Nxb4 Bb6 29. Nc6 Rbe8 30. Rd2 Be3 31. Bxe3 fxe3 32. Rxd6 Bxe4 33. Re1 Bxc6 34. Rxc6 f5 35. Rc7 f4 36. Rg1 Rf7 37. Rxf7 Kxf7 38. Kd1 Rd8+ 39. Ke2 Rd2+ 40. Kf3 Rf2+ 41. Ke4 e2 42. Re1 f3 43. Ke3 Rf1 44. Kd2 g5 45. c4 Ke6 46. b4 Kd6 47. h3 h5 48. b5 axb5 49. cxb5 Kc5 50. b4+ Kxb5 51. h4 g4 0-1

[Event "Oberliga Baden 0001"]
[Site "Baden"]
[Date "2000.11.12"]
[Round "2.7"]
[White "Pfleger, Michael"]
[Black "Schwicker, Francois"]
[Result "0-1"]
[WhiteElo "2209"]
[BlackElo "2230"]
[PlyCount "128"]
[EventDate "2000.10.15"]
[EventType "team-tourn"]
[EventRounds "9"]
[EventCountry "GER"]
[SourceTitle "EXT 2002"]
[Source "ChessBase"]
[SourceDate "2001.11.25"]
[SourceVersion "1"]
[SourceVersionDate "2001.11.25"]
[SourceQuality "1"]

1. e4 e5 2. f4 d5 3. exd5 Bc5 4. Nf3 e4 5. Ne5 Nf6 6. Nc3 0-0 7. Be2 c6 8. d4 exd3 9. Qxd3 cxd5 10. Bd2 Nc6 11. 0-0-0 d4 12. Nxc6 bxc6 13. Na4 Be7 14. Bf3 Rb8 15. Rhe1 c5 16. Qc4 Qd6 17. Re5 Be6 18. Qxc5 Rfc8 19. Qxd6 Bxd6 20. Ra5 Rc7 21. Kb1 g6 22. Rc1 Bd7 23. Ra6 Be7 24. b3 Bf5 25. Nb2 Ne4 26. Bxe4 Bxe4 27. f5 Rbc8 28. f6 Rxc2 29. Rxc2 Bxc2+ 30. Ka1 Bc5 31. b4 Bb6 32. a4 d3 33. a5 Bd4 34. Ka2 h5 35. b5 Rb8 36. Rd6 Be5 37. Rd5 Bxf6 38. Nxd3 Ba4 39. Bb4 Bxb5 40. Ka3 Bc4 41. Rd7 a6 42. Rd6 Bg5 43. g3 Re8 44. Rd4 Bb5 45. Nf4 Bf6 46. Rd6 Re3+ 47. Ka2 Bc4+ 48. Kb1 Be7 49. Rd4 Bxb4 50. Rxc4 Bxa5 51. Rc6 Rb3+ 52. Kc2 Rb6 53. Rc5 Bb4 54. Rc8+ Kg7 55. Nd5 Rb5 56. Nc7 Rc5+ 57. Kb3 a5 58. Ne8+ Kf8 59. Ra8 Ke7 60. Ka4 Rc2 61. h3 Rg2 62. Nc7 Rxg3 63. Kb5 Rxh3 64. Nd5+ Kd6 0-1

[Event "Selestat op"]
[Site "Selestat"]
[Date "2000.??.??"]
[Round "7"]
[White "Fischer, Markus"]
[Black "Schwicker, Francois"]
[Result "1/2-1/2"]
[WhiteElo "2255"]
[BlackElo "2226"]
[PlyCount "84"]
[EventDate "2000.03.??"]
[EventType "swiss"]
[EventRounds "9"]
[EventCountry "FRA"]
[SourceTitle "EXT 2001"]
[Source "ChessBase"]
[SourceDate "2000.11.22"]
[SourceVersion "1"]
[SourceVersionDate "2000.11.22"]
[SourceQuality "1"]

1. d4 Nf6 2. Bg5 Ne4 3. Bf4 f5 4. e3 e6 5. Bd3 Be7 6. Nd2 d5 7. Ngf3 0-0 8. h3 c5 9. 0-0 Nc6 10. c3 c4 11. Be2 Bd7 12. Ne5 Nxe5 13. Bxe5 b5 14. Nxe4 fxe4 15. Bg3 Be8 16. Qd2 Bg6 17. Bg4 Qd7 18. Qc2 a5 19. a3 Bf5 20. Bh5 b4 21. axb4 axb4 22. Qd2 b3 23. Rfb1 Ra4 24. Qe1 Rfa8 25. Rxa4 Rxa4 26. Kh2 Ra2 27. Qc1 Bd6 28. Bxd6 Qxd6+ 29. Kg1 Qe7 30. Be2 Qg5 31. Kh2 Qh4 32. Kg1 Ra8 33. Qe1 Rf8 34. f4 Qxe1+ 35. Rxe1 Ra8 36. Rb1 h6 37. h4 Kf7 38. Kf2 Kf6 39. g4 Bh7 40. h5 g6 41. hxg6 Bxg6 42. Rc1 Ra2 1/2-1/2

[Event "Bischwiller op"]
[Site "Bischwiller"]
[Date "1999.07.11"]
[Round "9"]
[White "Lutz, Eric"]
[Black "Schwicker, Francois"]
[Result "1-0"]
[WhiteElo "2091"]
[BlackElo "2238"]
[PlyCount "119"]
[EventDate "1999.07.??"]
[EventType "swiss"]
[EventRounds "9"]
[EventCountry "FRA"]
[SourceTitle "EXT 2001"]
[Source "ChessBase"]
[SourceDate "2000.11.22"]
[SourceVersion "1"]
[SourceVersionDate "2000.11.22"]
[SourceQuality "1"]

1. e4 e5 2. Nf3 Nc6 3. Bb5 Bc5 4. c3 f5 5. d4 fxe4 6. Bxc6 dxc6 7. Nxe5 Bd6 8. Qh5+ g6 9. Qe2 Qh4 10. Nd2 Bxe5 11. dxe5 Bf5 12. h3 0-0-0 13. g4 Be6 14. Nxe4 h6 15. Bf4 Qe7 16. Qe3 Bd5 17. 0-0-0 g5 18. Bg3 b6 19. a3 Qh7 20. Rhe1 Ne7 21. Nf6 Qg6 22. Nxd5 Nxd5 23. Qe4 Qe6 24. Qf5 Rde8 25. c4 Nf4 26. Bxf4 gxf4 27. Rd4 Rhf8 28. Qxe6+ Rxe6 29. f3 c5 30. Rd2 Rfe8 31. Rde2 c6 32. a4 a6 33. Re4 Rf8 34. h4 b5 35. b4 Kc7 36. a5 Kd7 37. Rd1+ Ke7 38. Kc2 Rb8 39. Rd6 Rxe5 40. Rxe5+ Kxd6 41. Rf5 Re8 42. Rxf4 Re2+ 43. Kd3 Rb2 44. Kc3 Rf2 45. g5 hxg5 46. hxg5 Ke5 47. Rf6 Rg2 48. cxb5 axb5 49. Rxc6 Kd5 50. Rg6 Rg3 51. a6 Rxf3+ 52. Kc2 Rf2+ 53. Kb1 Kd4 54. Rf6 Rg2 55. a7 Rg1+ 56. Kc2 Rg2+ 57. Kd1 Ra2 58. Rf7 Ke5 59. g6 Ke6 60. Rb7 1-0